00517nam a2200181 a 4500001001300000003000900013005001700022008004100039020000800080082001400088245007500102260005100177300000900228500003500237505001000272650001300282710004000295nice12345678IN_TiNIC20260116011614.0050524s1938 lona grp 000 0 eng  ac000a266bIMC2 aWorld Mission of the Churchb Finding and Rcomondations of the Meeting aLondonbInternational Missionary Councilc1938 a208p aincludes index and biblioraphy2 aIndex aMissions2 aInternational Missionary Conference